Caja de herramientas para enfrentar el cambio climático (Registro nro. 7950)

Detalles MARC
000 -CABECERA
Campo de control 01087nmm a22002657a 4500
005 - FECHA Y HORA DE LA ULTIMA TRANSACCION
Campo de control 20131128110842.0
008 - ELEMENTOS DE LONGITUD FIJA—INFORMACION GENERAL
Campo de control 131128b2013 ck ||||| |||| 00| 0 spa d
041 ## - IDIOMA
Código de idioma para texto/pista de sonido o título separado Español
044 ## - PAÍS DE PUBLICACIÓN
País de publicación Colombia
090 ## - CLASIFICACIÓN LOCAL
Colección LB
Consecutivo 05800
110 ## - ASIENTO PRINCIPAL--NOMBRE CORPORATIVO
Nombre corporativo o de jurisdicción como elemento de entrada Ministerio de Ambiente y Desarrollo Sostenible
245 ## - MENCION DE TITULO
Título Caja de herramientas para enfrentar el cambio climático
260 ## - PUBLICACION, DISTRIBUCION, ETC. (PIE DE IMPRENTA)
Lugar de publicación, distribución, etc. Bogotá
Nombre del editor, distribuidor, etc. MinAmbiente
Fecha de publicación, distribución, etc. 2013
300 ## - DESCRIPCION FISICA
Extensión 164 p., y videos 8 min.,
Otros detalles físicos il., (col), imagenes,
Dimensiones 13 cm
505 ## - NOTA DE CONTENIDO
Nota de contenido Incluye índice
650 ## - ASIENTO SECUNDARIO DE MATERIA - TERMINO TEMATICO
Término temático o nombre geográfico como elemento de entrada Brújula, bastón y lámpara para trasegar los caminos de la Educación Ambiental :
Subdivisión de forma PDF
650 ## - ASIENTO SECUNDARIO DE MATERIA - TERMINO TEMATICO
Término temático o nombre geográfico como elemento de entrada Selvas, comunidades y cambio climático :
Subdivisión de forma PDF. Cortesía de WWF y patrimonio Natural
650 ## - ASIENTO SECUNDARIO DE MATERIA - TERMINO TEMATICO
Término temático o nombre geográfico como elemento de entrada Ese océano de aire en que vivimos :
Subdivisión de forma PDF
650 ## - ASIENTO SECUNDARIO DE MATERIA - TERMINO TEMATICO
Término temático o nombre geográfico como elemento de entrada Adaptación al cambio climático :
Subdivisión de forma Video. Cortesía de Unicef
650 ## - ASIENTO SECUNDARIO DE MATERIA - TERMINO TEMATICO
Término temático o nombre geográfico como elemento de entrada ¿Qué es el cambio climático :
Subdivisión de forma Video. Cortesía de Unicef
710 ## - ASIENTO SECUNDARIO - NOMBRE CORPORATIVO
Nombre corporativo o de jurisdicción como elemento de entrada Prosperidad para todos
710 ## - ASIENTO SECUNDARIO - NOMBRE CORPORATIVO
Nombre corporativo o de jurisdicción como elemento de entrada Jardín Botánico
710 ## - ASIENTO SECUNDARIO - NOMBRE CORPORATIVO
Nombre corporativo o de jurisdicción como elemento de entrada Alcaldía Mayor
942 ## - ELEMENTOS ADICIONALES (KOHA)
Sistema de clasificación Local
Tipo de ítem CD-ROM
Existencias
Withdrawn status Lost status Sistema de Clasificación Damaged status No para préstamo Colección Ubicación Permanente Ubicación actual Fecha de adquisición Total Checkouts Número topográfico Inventario / Código de Barras Date last seen Ejemplar Price effective from Forma de adquisición Tipo de material
    Local     Audiovisual Bogotá Bogotá 28/11/2013   LB-05800 058707 28/11/2013 Ej. 1 28/11/2013   CD-ROM
    Local     Audiovisual Bogotá Bogotá 28/11/2013   LB-05800 058699 28/11/2013 Ej. 2 28/11/2013   CD-ROM